Visual research methods in architecture /

This book offers a distinctive approach to the use of visual methodologies for qualitative architectural research. It presents a diverse selection of ways for the architect or architectural researcher to use their gaze as part of their research practice for the purpose of visual literacy. Its contri...

Full description

Bibliographic Details
Other Authors: Troiani, Igea (Editor), Ewing, Suzanne (Editor)
Format: Book
Language:English
Published: Bristol, UK ; Chicago : Intellect, [2021]
Subjects:

MARC

Tag First Indicator Second Indicator Subfields
LEADER 00000cam a2200000 i 4500
001 in00004372021
005 20220105160643.0
008 200611t20212021enkabe b 001 0 eng d
020 |a 9781789381863  |q hardback 
020 |a 178938186X  |q hardback 
020 |z 9781789381887  |q ePub ebook 
020 |z 9781789381870  |q ePDF ebook 
035 |a (OCoLC)on1175155342 
040 |a YDX  |e rda  |c YDX  |d COO  |d BDX  |d CDX  |d UtOrBLW 
049 |a TXAM 
050 4 |a NA2000  |b .V57 2021 
082 0 |a 720.72/1  |2 23 
245 0 0 |a Visual research methods in architecture /  |c [edited] by Igea Troiani and Suzanne Ewing. 
264 1 |a Bristol, UK ;  |a Chicago :  |b Intellect,  |c [2021] 
264 4 |c ©2021 
300 |a vi, 435 pages :  |b illustrations, maps, plans ;  |c 26 cm. 
336 |a text  |b txt  |2 rdacontent 
336 |a still image  |b sti  |2 rdacontent 
336 |a cartographic image  |b cri  |2 rdacontent 
337 |a unmediated  |b n  |2 rdamedia 
338 |a volume  |b nc  |2 rdacarrier 
504 |a Includes bibliographical references and index. 
520 |a This book offers a distinctive approach to the use of visual methodologies for qualitative architectural research. It presents a diverse selection of ways for the architect or architectural researcher to use their gaze as part of their research practice for the purpose of visual literacy. Its contributors explore and use, "critical visualizations," which employ observation and socio-cultural critique through visual creations, texts, drawings, diagrams, paintings, visual texts, photography, film and their hybrid forms, to research architecture, landscape design and interior architecture. The visual methods intersect with those used in ethnography, anthropology, visual culture and media studies. In presenting a range of interdisciplinary approaches, 'Visual Research Methods in Architecture' opens up territory for new forms of visual architectural scholarship. 
650 0 |a Architecture  |x Research. 
650 0 |a Architecture  |x Audio-visual aids. 
700 1 |a Troiani, Igea,  |e editor.  |0 http://id.loc.gov/authorities/names/n2007012613 
700 1 |a Ewing, Suzanne,  |e editor.  |0 http://id.loc.gov/authorities/names/no2011027550 
945 |b 53292 
947 |a A14851655556 
948 |a cataloged  |b h  |c 2021/11/01  |d c  |e dmitchel  |f 11:44:28 AM 
994 |a 92  |b TXA 
999 f f |s cc9304a5-da82-30c1-9ff6-4847b81f3511  |i eb79556d-9a03-353b-abdd-b7fef5ddff5f  |t 0 
952 f f |p normal  |a Texas A&M University  |b College Station  |c Sterling C. Evans Library  |d Evans: Library Stacks  |t 0  |e NA2000 .V57 2021  |h Library of Congress classification  |i unmediated -- volume  |m A14851655556 
998 f f |a NA2000 .V57 2021  |t 0  |l Evans: Library Stacks